000 00531nam a2200229Ia 4500
005 20250425161734.0
008 250425s9999 xx 000 0 und d
020 _a9978962026
041 _aspa
082 _a320.9866
100 _aCUEVA, AGUSTIN
245 0 _aEL PROCESO DE DOMINACION POLITICA EN EL ECUADOR
250 _a1A ED.
260 _aEcuador
_bPLANETA
_c1988
260 _aS.L.
300 _a178
650 _aECUADOR
650 _aEL VELASQUISMO
650 _aPOLITICA
942 _c01
010 _a27019
999 _c215122
_d215122